000 00306nam a22001217a 4500
020 _a9976780141
082 _a657.45 TAN
245 _aTANZANIA AUDING STANDARDS
250 _a2 ed
260 _aDar es salaam
_bNational board of accounts and auditors
_c2002
300 _avii,279pg
_bill., 20cm
942 _cBK
999 _c18899
_d18899